[Event "Arteixo Concello U2200 op 15th"]
[Site "Arteixo"]
[Date "2014.07.27"]
[Round "6.7"]
[White "Farinas Pose, Julio"]
[Black "Sanchez Ferreira, Emilio Jose"]
[Result "0-1"]
[WhiteElo "1733"]
[BlackElo "1871"]
[PlyCount "50"]
[EventDate "2014.07.25"]
[EventType "swiss"]
[EventRounds "6"]
[EventCountry "ESP"]
[SourceTitle "EXT 2024"]
[Source "ChessBase"]
[SourceDate "2023.10.10"]
[SourceVersion "1"]
[SourceVersionDate "2023.10.10"]
[SourceQuality "1"]

1. c4 e6 2. Nf3 Nf6 3. b3 d5 4. e3 Be7 5. d4 0-0 6. Be2 b6 7. 0-0 Bb7 8. Bb2 Nbd7 9. Nbd2 Bd6 10. a3 a5 11. h3 Ne4 12. Qc2 Nxd2 13. Qxd2 Nf6 14. b4 dxc4 15. Bxc4 Ne4 16. Qe1 Ng5 17. Nh2 axb4 18. axb4 Rxa1 19. Bxa1 Ne4 20. Bd3 Qe7 21. b5 Ra8 22. Qb1 Nd2 23. Qb2 Bxh2+ 24. Kxh2 Nxf1+ 25. Bxf1 Qa3 0-1